00494nam a2200157 a 4500008004100000020002200041100002000063245011800083260004400201300002900245500002000274700001500294003000100309005001700310040000900327  a0030987326 (pbk.) aOstebee, Arnold aCalculus :bfrom graphical, numerical, and symbolic points of view.nVolume 2 /cby Arnold Ostebee and Paul Zorn. aFort Worth : bSaunders College,c1994. a374 p. :bill. ;c28 cm. aIncludes index. aZorn, Paul20230123133517.0 cNUST